[Event "Campobasso op 14th"]
[Site "Campobasso"]
[Date "2007.07.21"]
[Round "3"]
[White "Di Lascio, Savino"]
[Black "Merendino, Riccardo"]
[Result "0-1"]
[WhiteElo "2014"]
[BlackElo "1879"]
[PlyCount "161"]
[EventDate "2007.07.20"]
[EventType "swiss"]
[EventRounds "6"]
[EventCountry "ITA"]
[SourceTitle "EXT 2009"]
[Source "ChessBase"]
[SourceDate "2008.11.26"]
[SourceVersion "1"]
[SourceVersionDate "2008.11.26"]
[SourceQuality "1"]

1. Nf3 d5 2. g3 Nf6 3. Bg2 e6 4. 0-0 Be7 5. d3 b6 6. Nbd2 Bb7 7. Ne5 Nbd7 8. d4 c5 9. e3 Qc7 10. f4 0-0 11. Rf2 Rac8 12. c3 Nxe5 13. fxe5 Nd7 14. Qg4 Rce8 15. e4 Bd8 16. exd5 Bxd5 17. Ne4 f5 18. exf6 Nxf6 19. Nxf6+ Bxf6 20. Bf4 Qc6 21. Bh6 Qb7 22. Bxd5 exd5 23. dxc5 Re4 24. Rf4 Rfe8 25. Raf1 Rxf4 26. Rxf4 Qe7 27. Rf1 bxc5 28. Bd2 d4 29. Re1 Qf7 30. Rxe8+ Qxe8 31. Qf3 Qd7 32. g4 dxc3 33. Bxc3 Bxc3 34. bxc3 c4 35. h3 h6 36. Qe2 Qd5 37. Kf2 Kh8 38. a3 a6 39. a4 Qc6 40. a5 Qc5+ 41. Qe3 Qxa5 42. Qe8+ Kh7 43. Qe4+ Kh8 44. Qxc4 Qb6+ 45. Ke2 a5 46. Kd3 Qd6+ 47. Kc2 Qh2+ 48. Kb3 Qxh3 49. Ka4 Qf3 50. Kxa5 Qa8+ 51. Kb4 Qb7+ 52. Ka3 Kh7 53. Qd4 Qa6+ 54. Kb4 Qb7+ 55. Kc4 Kg6 56. Qd3+ Kf6 57. Qf5+ Ke7 58. Kd4 Qb6+ 59. Kd3 Qf6 60. Qe4+ Qe6 61. Qb4+ Qd6+ 62. Ke4 g6 63. Qb7+ Qd7 64. Qxd7+ Kxd7 65. Ke5 h5 66. g5 Kc6 67. Kf6 h4 68. Kxg6 h3 69. Kf7 h2 70. g6 h1Q 71. g7 Qf3+ 72. Ke7 Qe4+ 73. Kf7 Qf5+ 74. Ke7 Qg6 75. Kf8 Qf6+ 76. Kg8 Kd6 77. Kh7 Qf7 78. Kh8 Qh5+ 79. Kg8 Ke6 80. c4 Kf6 81. c5 0-1

[Event "Campobasso op 14th"]
[Site "Campobasso"]
[Date "2007.07.20"]
[Round "2"]
[White "Merendino, Riccardo"]
[Black "Bottega, Antonio"]
[Result "0-1"]
[WhiteElo "1879"]
[BlackElo "1986"]
[PlyCount "86"]
[EventDate "2007.07.20"]
[EventType "swiss"]
[EventRounds "6"]
[EventCountry "ITA"]
[SourceTitle "EXT 2009"]
[Source "ChessBase"]
[SourceDate "2008.11.26"]
[SourceVersion "1"]
[SourceVersionDate "2008.11.26"]
[SourceQuality "1"]

1. e4 e6 2. d4 d5 3. Nc3 Nf6 4. e5 Nfd7 5. f4 c5 6. Nf3 Nc6 7. Be3 a6 8. Be2 Be7 9. 0-0 0-0 10. dxc5 Bxc5 11. Qd2 Qb6 12. Bxc5 Qxc5+ 13. Kh1 f6 14. Bd3 Nb4 15. Ne2 Nxd3 16. Qxd3 Qe7 17. c4 Nc5 18. Qc2 dxc4 19. Qxc4 b5 20. Qc2 Bb7 21. Ng3 f5 22. Rad1 Rfd8 23. Rxd8+ Rxd8 24. Rd1 Na4 25. b3 Nb6 26. Rxd8+ Qxd8 27. Qd2 Qxd2 28. Nxd2 Nd5 29. Ne2 Ne3 30. Nf3 Bxf3 31. gxf3 Nd5 32. Kg2 Kf7 33. Kg3 Ke7 34. h4 b4 35. Nd4 Kd7 36. Nc2 a5 37. a3 a4 38. axb4 axb3 39. Na3 b2 40. Nb1 Kc6 41. Kf2 Kb5 42. Ke2 Kxb4 43. Kd3 Kb3 0-1